00852nam a2200217Ia 4500001002200000003000900022008004100031040002300072041001300095100002000108245002400128250001500152260002600167300001900193500003500212501012400247942000700371957000600378999004200384952020800426850.9-PIC le pr (530)IT-MiSPE171229s9999||||xx |||||||||||||| ||und|| aIT-MiSPEcIT-MiSPE aITALIANO aLeone Piccioni  0aProposte di letture a1a ed. (v) aMilanobRusconic1985 a201 p. c21 cm aItaliana, letteratura - Storia aEdizioni San Paolo srl - Piazza Soncino, 5 - 20092 CINISELLO BALSAMO (MI) (non commercial uses only) ® Copyright 2018 cBK 71 a18023bNOg Copie: 1 c353917d353917 0010406850_000000000000000_9PIC_LE_PR_53071aCINISELLObCINISELLOd2017-12-30l0o850.9-PIC le pr (530)r2017-12-30 00:00:00w2017-12-30yBKz(data import: 20 dicembre 2017) - By Epidotti, Vaglietti.